| 000 | 00644nam a2200169Ia 4500 | ||
|---|---|---|---|
| 003 | GCL | ||
| 008 | 140319s9999 xx 000 0 ara d | ||
| 040 |
_aGCL / _cGCL |
||
| 082 | 0 | 4 |
_a953.02 _bس ف |
| 100 | 1 | _aالسيد احمد بن زينى | |
| 245 | 1 | 0 |
_aالفتوحات الاسلامية بعد مضى الفتوحات النبوية / _cالسيد احمد بن زينى |
| 260 |
_aالقاهرة : _bمؤسسة الحلبى وشركاءه للنشر والتوزيع ، _c1968 |
||
| 300 |
_aمتعدد ؛ _c28 سم |
||
| 650 | 0 | 4 | _aالفتوحات الاسلامية |
| 650 | 0 | 4 | _aالتاريخ الاسلامى |
| 942 |
_2ddc _cBK |
||
| 999 |
_c42617 _d42617 |
||